Workplace Cliches - Statistics

General Stats
  • This quiz has been taken 34 times
  • The average score is 16 of 34
Answer Stats
Ditloid Cliche Extra Clue % Correct
We'll need ... A H on D All hands on deck Boat Floor
84%
Get your ... D in a R Ducks in a row Quack
84%
Time to go ... B to the D B Back to the drawing board Sketch
77%
Get a lot of ... B for the B Bang for the buck $$$
74%
Let's ... C B Circle back Round
74%
Don't ... L M on the T Leave money on the table Gratuity
71%
R I up the F Run it up the flagpole Union Jack
71%
Let me just ... R the N Run the numbers Calculate
71%
Don't throw him ... U the B Throw him/her under the bus Double-decker
71%
What do you ... B to the T? Bring to the table Potluck
68%
Right now I have a ... L on my P Lot on my plate Dinner
68%
Can I ... P Y B? Pick your brain Neurosurgery
65%
We have to ... H the G R Hit the ground running Marathon
58%
This is just ... P for the C Par for the course 72
58%
When ... P C to S Push comes to shove Fight
58%
S up to the P Step up to the plate Home Base
58%
E Y O D F Eat your own dog food Purina
52%
We don't have enough ... B on the G Boots on the ground Timberland
48%
It's time to get the ... B R Get the ball rolling Marble Run
48%
Take it to the N L Next level Donkey Kong
48%
B the B Bite the bullet Glock
45%
We need to do ... M with L More with less No Resources
45%
P B the L of the O Peel back the layers of the onion Scallion
39%
D the K-A Drink the Kool-Aid Jonestown
35%
The E in the R Elephant in the room Horton
32%
Going to have to ... T O the B Think outside the box Container
29%
Grab the ... L-H F Low-hanging fruit Apples
26%
T I O Take it offline In Person
26%
I I W I I It is what it is Tautophrase
10%
This ... R H L Really has legs Spider
10%
Be an ... A of C Agent of change Ovitz?
6%
Let's ... B S this Blue sky this Atmosphere
6%
We don't ... H the B Have the bandwidth Bit-rate
6%
Don't think it will ... M the N Move the needle Odometer
6%
No matching quizzes found
Score Distribution
Percent of People with Each Score
Percentile by Number Answered
Your Score History
You have not taken this quiz